[Event "Irkutsk Baykal op"]
[Site "Irkutsk"]
[Date "2016.07.09"]
[Round "9"]
[White "Khangueva, Ayana"]
[Black "Khipkhenov, Igor"]
[Result "0-1"]
[WhiteElo "1884"]
[BlackElo "2049"]
[PlyCount "92"]
[EventDate "2016.07.02"]
[EventType "swiss"]
[EventRounds "9"]
[EventCountry "RUS"]
[SourceTitle "EXT 2019"]
[Source "ChessBase"]
[SourceDate "2018.10.10"]
[SourceVersion "1"]
[SourceVersionDate "2018.10.10"]
[SourceQuality "1"]

1. d4 Nf6 2. c4 e5 3. dxe5 Ne4 4. Nd2 Bb4 5. a3 Bxd2+ 6. Bxd2 Nxd2 7. Qxd2 Nc6 8. Nf3 Qe7 9. e3 b6 10. Be2 Bb7 11. Rd1 0-0-0 12. Qc3 g5 13. b4 g4 14. Nd4 Nxe5 15. Rg1 d6 16. a4 Qh4 17. c5 dxc5 18. bxc5 Qxh2 19. Kd2 Bxg2 20. cxb6 axb6 21. Rc1 Nf3+ 22. Bxf3 Bxf3 23. Rgf1 Qd6 24. Kc2 Qc5 25. Qxc5 bxc5 26. Nxf3 gxf3 27. Rh1 Kb7 28. Rh3 Rd7 29. Rxf3 h5 30. Rh1 Kb6 31. Rh4 Rh7 32. Rf5 Rd6 33. Rfxh5 Rxh5 34. Rxh5 Rf6 35. f4 Re6 36. Re5 Rc6 37. Kc3 f6 38. Re8 Rd6 39. f5 Ka5 40. Kc4 Rd1 41. Kxc5 Rc1+ 42. Kd5 Kxa4 43. Ra8+ Kb4 44. Rb8+ Kc3 45. e4 Rd1+ 46. Kc5 Rd4 0-1

[Event "Irkutsk Baykal op"]
[Site "Irkutsk"]
[Date "2016.07.06"]
[Round "6"]
[White "Khangueva, Ayana"]
[Black "Arbynova, Agniya"]
[Result "1/2-1/2"]
[WhiteElo "1884"]
[BlackElo "1816"]
[PlyCount "123"]
[EventDate "2016.07.02"]
[EventType "swiss"]
[EventRounds "9"]
[EventCountry "RUS"]
[SourceTitle "EXT 2019"]
[Source "ChessBase"]
[SourceDate "2018.10.10"]
[SourceVersion "1"]
[SourceVersionDate "2018.10.10"]
[SourceQuality "1"]

1. d4 Nf6 2. c4 g6 3. Nc3 Bg7 4. e4 d6 5. Nf3 0-0 6. Be2 e5 7. 0-0 Nc6 8. d5 Ne7 9. Ne1 Nd7 10. Nd3 f5 11. Bd2 Nf6 12. f3 a6 13. c5 Bd7 14. cxd6 cxd6 15. Nf2 b5 16. Qb3 Rb8 17. a3 Qb6 18. Na2 f4 19. Bb4 g5 20. Kh1 h5 21. h3 Kf7 22. Qc3 Rbc8 23. Qd2 g4 24. Ba5 Qa7 25. Qb4 Qb8 26. Rac1 g3 27. Nd3 Ng6 28. Rfd1 Nh4 29. Bf1 Bh6 30. Ne1 Bxh3 31. gxh3 Qa7 32. Qd2 Nxf3 33. Nxf3 Nxe4 34. Qe2 Nf2+ 35. Kg2 e4 36. Rxc8 exf3+ 37. Qxf3 Rxc8 38. Rd2 Rf8 39. Rc2 Kg6 40. Nb4 Qd7 41. Rxf2 gxf2 42. Kxf2 Qa7+ 43. Kg2 Rg8 44. Kh2 Kh7 45. Bg2 Qe3 46. Qxe3 fxe3 47. Nc2 Re8 48. Kg3 Bg7 49. Bc3 Bxc3 50. bxc3 Rc8 51. Nxe3 Rxc3 52. Kf4 Rxa3 53. Nf5 Kg6 54. Nxd6 Ra2 55. Be4+ Kf6 56. Ne8+ Ke7 57. Ng7 a5 58. Ke5 Rd2 59. d6+ Kd7 60. Bf5+ Kc6 61. Be4+ Kd7 62. Bf5+ 1/2-1/2

[Event "Irkutsk Region-ch U19"]
[Site "Irkutsk"]
[Date "2016.04.01"]
[Round "3"]
[White "Khangueva, Ayana"]
[Black "Kustova, Nyurguyana"]
[Result "1-0"]
[WhiteElo "1912"]
[BlackElo "1543"]
[PlyCount "59"]
[EventDate "2016.03.31"]
[EventType "swiss"]
[EventRounds "9"]
[EventCountry "RUS"]
[SourceTitle "EXT 2017"]
[Source "ChessBase"]
[SourceDate "2016.10.25"]
[SourceVersion "1"]
[SourceVersionDate "2016.10.25"]
[SourceQuality "1"]

1. d4 Nf6 2. c4 e6 3. Nc3 Bb4 4. e3 Bxc3+ 5. bxc3 Ne4 6. Bd3 f5 7. Ne2 b6 8. 0-0 Bb7 9. f3 Nf6 10. Ng3 g5 11. e4 f4 12. Ne2 Nc6 13. e5 Nh5 14. a4 Qe7 15. Ba3 Qg7 16. c5 0-0-0 17. cxb6 cxb6 18. Be4 Rdg8 19. h3 Na5 20. Bxb7+ Kxb7 21. Qd3 Qg6 22. Qb5 Rg7 23. Rab1 Ka8 24. Qa6 Rb8 25. Bd6 Rb7 26. Rxb6 Ng3 27. Nxg3 fxg3 28. Rxb7 Nxb7 29. Bc5 Nxc5 30. Qc8# 1-0

[Event "Irkutsk-ch op"]
[Site "Irkutsk"]
[Date "2016.02.28"]
[Round "7"]
[White "Khangueva, Ayana"]
[Black "Bychkov, Vladimir"]
[Result "0-1"]
[WhiteElo "1912"]
[BlackElo "2154"]
[PlyCount "80"]
[EventDate "2016.02.13"]
[EventType "swiss"]
[EventRounds "9"]
[EventCountry "RUS"]
[SourceTitle "EXT 2018"]
[Source "ChessBase"]
[SourceDate "2017.10.13"]
[SourceVersion "1"]
[SourceVersionDate "2017.10.13"]
[SourceQuality "1"]

1. d4 Nf6 2. c4 g6 3. Nc3 Bg7 4. e4 d6 5. Nf3 0-0 6. Be2 e5 7. 0-0 Nc6 8. d5 Ne7 9. Ne1 Nd7 10. Nd3 f5 11. b4 Nf6 12. f3 f4 13. c5 g5 14. Nf2 Rf7 15. cxd6 cxd6 16. Bd2 Bf8 17. Rc1 Ng6 18. a4 h5 19. Nb5 a6 20. Nc3 Rg7 21. b5 g4 22. fxg4 hxg4 23. Bxg4 Nh4 24. Bf3 axb5 25. Nxb5 Nxf3+ 26. Qxf3 Rxa4 27. Qb3 Ra8 28. Rc3 Ng4 29. Nxg4 Bxg4 30. Kh1 Qb6 31. Qc4 Rc8 32. Qd3 Rxc3 33. Nxc3 Qd8 34. Be1 Qg5 35. Qd2 Be7 36. Qf2 Qh5 37. Bd2 Bh4 38. Qa7 Bg3 39. h3 Bxh3 40. Qb8+ Bc8+ 0-1

[Event "Irkutsk-ch op"]
[Site "Irkutsk"]
[Date "2016.02.28"]
[Round "6"]
[White "Khangueva, Ayana"]
[Black "Khipkhenov, Igor"]
[Result "1-0"]
[WhiteElo "1912"]
[BlackElo "2072"]
[PlyCount "65"]
[EventDate "2016.02.13"]
[EventType "swiss"]
[EventRounds "9"]
[EventCountry "RUS"]
[SourceTitle "EXT 2018"]
[Source "ChessBase"]
[SourceDate "2017.10.13"]
[SourceVersion "1"]
[SourceVersionDate "2017.10.13"]
[SourceQuality "1"]

1. d4 Nf6 2. c4 c5 3. d5 b5 4. cxb5 a6 5. bxa6 Bxa6 6. Nc3 d6 7. e4 Bxf1 8. Kxf1 g6 9. Nf3 Bg7 10. g3 0-0 11. Kg2 Nbd7 12. a4 Ng4 13. Qc2 e6 14. Rd1 Ra6 15. Nb5 exd5 16. exd5 Nde5 17. Nxe5 Nxe5 18. Qe2 Qd7 19. h3 Qb7 20. Ra2 c4 21. Bf4 Nd3 22. Qe4 Nxb2 23. Rb1 c3 24. Bxd6 c2 25. Rc1 Rxd6 26. Nxd6 Qb3 27. Rxb2 Bxb2 28. Rxc2 Qb8 29. Nb5 Bf6 30. d6 h5 31. d7 h4 32. Rc6 Qb7 33. Qf3 1-0

[Event "Irkutsk-ch op"]
[Site "Irkutsk"]
[Date "2016.02.13"]
[Round "1"]
[White "Khangueva, Ayana"]
[Black "Ergeshov, Timur"]
[Result "0-1"]
[WhiteElo "1912"]
[BlackElo "2242"]
[PlyCount "186"]
[EventDate "2016.02.13"]
[EventType "swiss"]
[EventRounds "9"]
[EventCountry "RUS"]
[SourceTitle "EXT 2018"]
[Source "ChessBase"]
[SourceDate "2017.10.13"]
[SourceVersion "1"]
[SourceVersionDate "2017.10.13"]
[SourceQuality "1"]

1. d4 Nf6 2. c4 e6 3. Nc3 Bb4 4. e3 0-0 5. Nge2 d5 6. a3 Bd6 7. Ng3 b6 8. Bd3 Bb7 9. cxd5 Nxd5 10. Nxd5 exd5 11. Nf5 Re8 12. Qg4 Qf6 13. Nxd6 Qxd6 14. Qh3 g6 15. Bd2 Nd7 16. 0-0 Nf6 17. f3 c5 18. Rfe1 c4 19. Bc2 a5 20. a4 Re6 21. Qh4 Qc6 22. Bc3 Rae8 23. Qh6 Qd6 24. Rad1 Qf8 25. Qg5 h6 26. Qh4 Qe7 27. Bd2 g5 28. Qxh6 g4 29. Bf5 Rd6 30. fxg4 Qf8 31. Qh4 Bc8 32. Rf1 Qg7 33. g5 Ne4 34. Bxc8 Rxc8 35. Qf4 Re6 36. h4 Rce8 37. Rf3 Rg6 38. Qf5 Rd8 39. Bc3 Re6 40. Rdf1 Rd7 41. Qf4 Qg6 42. Qb8+ Kg7 43. Qf4 Rde7 44. Re1 Nd6 45. g4 Qe4 46. Qxe4 Rxe4 47. Rg3 Re8 48. Kh2 b5 49. axb5 Nxb5 50. Kh3 a4 51. Bd2 a3 52. bxa3 c3 53. Bc1 Rxd4 54. Rf1 Rc4 55. Rgf3 Re7 56. h5 Kg8 57. Rf6 Rc8 58. g6 fxg6 59. Rxg6+ Rg7 60. Rxg7+ Kxg7 61. Rf5 Nc7 62. g5 Rd8 63. g6 Rd7 64. Kg4 Ne6 65. Kg3 Nc5 66. Rf1 Re7 67. Rd1 Re5 68. Kg4 Ne4 69. Rd4 Nf6+ 70. Kf3 Rxh5 71. Rd3 Ne4 72. Rd1 Kxg6 73. Ke2 Rh2+ 74. Kf3 Rf2+ 75. Kg4 Rf5 76. Re1 Kf6 77. a4 Ke5 78. Ba3 Rg5+ 79. Kh4 Rg2 80. Bb4 Ra2 81. a5 Ra4 82. Bf8 Rxa5 83. Bg7+ Ke6 84. Rc1 Rc5 85. Bd4 Rc8 86. Kg4 c2 87. Bb2 Nd2 88. Rh1 Nb3 89. Bc1 Ra8 90. Bb2 Ra2 91. Rh6+ Kd7 92. Rh7+ Kc6 93. Rh6+ Kb5 0-1

[Event "Novokuznetsk SFO-ch U17 Girls"]
[Site "Novokuznetsk"]
[Date "2014.11.06"]
[Round "5"]
[White "Resmyatova, Antonina"]
[Black "Khangueva, Ayana"]
[Result "1/2-1/2"]
[WhiteElo "1887"]
[BlackElo "1908"]
[PlyCount "109"]
[EventDate "2014.11.02"]
[EventType "swiss"]
[EventRounds "9"]
[EventCountry "RUS"]
[SourceTitle "CBM 163 Extra"]
[Source "ChessBase"]
[SourceDate "2014.12.23"]
[SourceVersion "1"]
[SourceVersionDate "2014.12.23"]
[SourceQuality "1"]

1. d4 Nf6 2. c4 g6 3. Nc3 Bg7 4. e4 d6 5. h3 0-0 6. Bg5 Nbd7 7. Nf3 e5 8. d5 a6 9. Be2 Qe8 10. 0-0 Nh5 11. Qd2 f5 12. exf5 gxf5 13. Bh6 f4 14. Bxg7 Nxg7 15. Qc2 Nf6 16. Rfe1 Kh8 17. Ng5 Bf5 18. Bd3 Qg6 19. Bxf5 Nxf5 20. Nge4 Rg8 21. f3 Ne3 22. Rxe3 fxe3 23. g4 Nh5 24. Kh2 Nf4 25. h4 h5 26. Rg1 hxg4 27. fxg4 Qh6 28. Kg3 Rxg4+ 29. Kxg4 Qg6+ 30. Kf3 Qxg1 31. Ng5 Qf2+ 32. Qxf2 exf2 33. Kxf2 Nd3+ 34. Ke2 Nxb2 35. c5 dxc5 36. Ne6 Nc4 37. Ne4 Nd6 38. Nxc7 Rc8 39. Nxd6 Rxc7 40. Ne4 b6 41. d6 Rd7 42. h5 Kg7 43. Kd3 b5 44. Kc3 Rd8 45. Kb3 Kh6 46. a4 Kxh5 47. axb5 axb5 48. d7 Kg4 49. Nxc5 Kf3 50. Kb4 e4 51. Kxb5 e3 52. Kc6 e2 53. Nd3 Ke3 54. Ne1 Kd2 55. Nf3+ 1/2-1/2

[Event "Novokuznetsk SFO-ch U17 Girls"]
[Site "Novokuznetsk"]
[Date "2014.11.04"]
[Round "3"]
[White "Marjina, Arina"]
[Black "Khangueva, Ayana"]
[Result "1-0"]
[WhiteElo "1993"]
[BlackElo "1908"]
[PlyCount "101"]
[EventDate "2014.11.02"]
[EventType "swiss"]
[EventRounds "9"]
[EventCountry "RUS"]
[SourceTitle "CBM 163 Extra"]
[Source "ChessBase"]
[SourceDate "2014.12.23"]
[SourceVersion "1"]
[SourceVersionDate "2014.12.23"]
[SourceQuality "1"]

1. d4 Nf6 2. c4 g6 3. Nc3 Bg7 4. e4 d6 5. Be2 0-0 6. Bg5 Nbd7 7. Qd2 e5 8. Nf3 exd4 9. Nxd4 Re8 10. 0-0 Nc5 11. f3 Ne6 12. Be3 c6 13. Rfd1 d5 14. cxd5 cxd5 15. e5 Nxd4 16. Qxd4 Nd7 17. f4 Nxe5 18. fxe5 Bxe5 19. Qxd5 Qh4 20. Qf3 Qxh2+ 21. Kf2 Qh4+ 22. Kf1 Bf5 23. g4 Be6 24. Bd4 Bxd4 25. Rxd4 h5 26. Ne4 Kg7 27. gxh5 f5 28. Qg3 Qxg3 29. Nxg3 gxh5 30. Nxh5+ Kf7 31. Nf4 Re7 32. Bf3 Bd7 33. Kf2 Rc8 34. Rad1 Bc6 35. Rc1 Bd7 36. Bh5+ Kg7 37. Rxd7 Rxc1 38. Rxe7+ Kf6 39. Rxb7 Kg5 40. Ne2 Rc2 41. Bf3 Kf6 42. a4 Ke5 43. a5 Kd6 44. b4 Rb2 45. b5 Kc5 46. Rc7+ Kb4 47. b6 axb6 48. axb6 Ka5 49. Ra7+ Kb5 50. b7 Kc5 51. Ra8 1-0

[Event "Novokuznetsk SFO-ch U17 Girls"]
[Site "Novokuznetsk"]
[Date "2014.11.03"]
[Round "2"]
[White "Khangueva, Ayana"]
[Black "Yanygina, Olga"]
[Result "1-0"]
[WhiteElo "1908"]
[BlackElo "1790"]
[PlyCount "105"]
[EventDate "2014.11.02"]
[EventType "swiss"]
[EventRounds "9"]
[EventCountry "RUS"]
[SourceTitle "CBM 163 Extra"]
[Source "ChessBase"]
[SourceDate "2014.12.23"]
[SourceVersion "1"]
[SourceVersionDate "2014.12.23"]
[SourceQuality "1"]

1. d4 Nf6 2. c4 g6 3. Nc3 Bg7 4. e4 d6 5. Nf3 0-0 6. Be2 e5 7. 0-0 Nc6 8. d5 Ne7 9. Bg5 h6 10. Be3 Nh5 11. Qc1 Nf4 12. Bxf4 exf4 13. Qxf4 g5 14. Qe3 Ng6 15. Rfe1 Qe7 16. Rab1 Bg4 17. Nd4 Bxe2 18. Nf5 Qd7 19. Nxe2 Rae8 20. Nxg7 Kxg7 21. Ng3 Nf4 22. Qd4+ Re5 23. Qxa7 b6 24. Qa3 Rfe8 25. Qc3 Kh7 26. f3 f6 27. b4 Qa4 28. a3 Ra8 29. Re3 h5 30. Nf5 Rae8 31. Nd4 Rf8 32. c5 Rfe8 33. cxd6 cxd6 34. Qc7+ R8e7 35. Qxd6 Nxd5 36. Rd3 Nf4 37. Rd2 Qxa3 38. Nf5 R5e6 39. Qd8 Ng6 40. Nxe7 Rxe7 41. Qd3 Qa4 42. Qc3 Kg7 43. Rd6 Rf7 44. Rbd1 Nf4 45. Qd2 b5 46. Rd7 Rxd7 47. Qxd7+ Kh6 48. Qd6 Kg6 49. e5 Qa7+ 50. Kf1 Qf7 51. Qxf6+ Qxf6 52. exf6 Kxf6 53. g3 1-0

[Event "Novokuznetsk SFO-ch U17 Girls"]
[Site "Novokuznetsk"]
[Date "2014.11.02"]
[Round "1"]
[White "Gosteeva, Anna"]
[Black "Khangueva, Ayana"]
[Result "0-1"]
[WhiteElo "1660"]
[BlackElo "1908"]
[PlyCount "62"]
[EventDate "2014.11.02"]
[EventType "swiss"]
[EventRounds "9"]
[EventCountry "RUS"]
[SourceTitle "CBM 163 Extra"]
[Source "ChessBase"]
[SourceDate "2014.12.23"]
[SourceVersion "1"]
[SourceVersionDate "2014.12.23"]
[SourceQuality "1"]

1. e4 e5 2. Nf3 Nc6 3. Nc3 Nf6 4. d4 exd4 5. Nxd4 Nxd4 6. Qxd4 d6 7. Bc4 Be7 8. 0-0 0-0 9. Bg5 a6 10. a4 Be6 11. Bxe6 fxe6 12. e5 Nd7 13. Bxe7 Qxe7 14. exd6 cxd6 15. Rad1 d5 16. Rde1 Qf7 17. Re3 Rac8 18. Qb4 Nf6 19. Re2 Rfe8 20. a5 Rc4 21. Qd6 Rc6 22. Qg3 Rc5 23. Rfe1 Qd7 24. Qf4 d4 25. Ne4 Nxe4 26. Rxe4 e5 27. Rxe5 Rexe5 28. Rxe5 Rxc2 29. h3 d3 30. Rf5 Rc8 31. Qg5 d2 0-1

[Event "Irkutsk Region-ch sf3"]
[Site "Irkutsk"]
[Date "2014.08.10"]
[Round "7"]
[White "Bychkov, Vladimir"]
[Black "Khangueva, Ayana"]
[Result "1-0"]
[WhiteElo "1964"]
[BlackElo "1877"]
[PlyCount "75"]
[EventDate "2014.08.04"]
[EventType "swiss"]
[EventRounds "9"]
[EventCountry "RUS"]
[SourceTitle "EXT 2016"]
[Source "ChessBase"]
[SourceDate "2015.10.08"]
[SourceVersion "1"]
[SourceVersionDate "2015.10.08"]
[SourceQuality "1"]

1. c4 Nf6 2. Nc3 g6 3. e4 d6 4. d4 Bg7 5. Be2 0-0 6. Bg5 Nbd7 7. Qd2 e5 8. d5 a5 9. f3 Nc5 10. h4 Qe8 11. g4 c6 12. Nh3 cxd5 13. cxd5 Nfd7 14. Nb5 f6 15. Nxd6 Qe7 16. Nxc8 Rfxc8 17. Be3 f5 18. gxf5 gxf5 19. Ng5 fxe4 20. d6 Qf6 21. Bc4+ Kh8 22. Nf7+ Kg8 23. Nh6+ Kh8 24. Nf7+ Kg8 25. Ng5+ Kh8 26. 0-0 Nd3 27. fxe4 Nf4 28. Be6 Nf8 29. Bxc8 Rxc8 30. Bxf4 exf4 31. e5 Qg6 32. Rac1 Rd8 33. Qc2 Qh5 34. Qf5 Kg8 35. Qxf4 b5 36. Rc7 h6 37. Qf7+ Qxf7 38. Nxf7 1-0

[Event "Irkutsk Baykal op"]
[Site "Irkutsk"]
[Date "2014.06.11"]
[Round "5"]
[White "Khangueva, Ayana"]
[Black "Shelk, Alexander"]
[Result "0-1"]
[WhiteElo "1839"]
[BlackElo "2336"]
[PlyCount "82"]
[EventDate "2014.06.07"]
[EventType "swiss"]
[EventRounds "9"]
[EventCountry "RUS"]
[SourceTitle "CBM 161 Extra"]
[Source "ChessBase"]
[SourceDate "2014.08.29"]
[SourceVersion "1"]
[SourceVersionDate "2014.08.29"]
[SourceQuality "1"]

1. d4 d5 2. c4 dxc4 3. Nc3 a6 4. e4 b5 5. a4 b4 6. Na2 Bb7 7. f3 e6 8. Bxc4 c5 9. Be3 cxd4 10. Bxd4 Nc6 11. Be3 Bd6 12. Nc1 Qc7 13. g3 Nf6 14. Nge2 Ne5 15. Bb3 Nxf3+ 16. Kf2 Bxe4 17. h3 Ne5 18. Nf4 Bxh1 19. Qxh1 0-0 20. Nce2 Qc6 21. Qxc6 Nxc6 22. Rd1 Rfd8 23. Bb6 Bc5+ 24. Bxc5 Rxd1 25. Bxd1 Ne4+ 26. Ke3 Nxc5 27. b3 Rd8 28. Bc2 a5 29. Nd3 Nxd3 30. Bxd3 Kf8 31. Bb5 Ne7 32. Bc4 Rd1 33. Kf3 Nf5 34. Nf4 Nd6 35. Ke2 Rg1 36. Kf2 Rc1 37. Ne2 Rc2 38. Bd3 Rb2 39. Bc4 Nxc4 40. bxc4 b3 41. Ke3 Rxe2+ 0-1